Urdu mein fanny tadveen / (Record no. 525471)

000 -LEADER
fixed length control field 00797nam a22002537a 4500
003 - CONTROL NUMBER IDENTIFIER
control field NUST
005 - DATE AND TIME OF LATEST TRANSACTION
control field 20231006103650.0
008 - FIXED-LENGTH DATA ELEMENTS--GENERAL INFORMATION
fixed length control field 190702b ||||| |||| 00| 0 eng d
020 ## - INTERNATIONAL STANDARD BOOK NUMBER
Qualifying information Paperback
038 ## - RECORD CONTENT LICENSOR
Staff Name Arshad
040 ## - CATALOGING SOURCE
Original cataloging agency NUST
041 ## - LANGUAGE CODE
Language code of text/sound track or separate title urdu
082 ## - DEWEY DECIMAL CLASSIFICATION NUMBER
Classification number 891.439
Author Mark NAZ
100 ## - MAIN ENTRY--PERSONAL NAME
Personal name Naz, MS
9 (RLIN) 16366
245 ## - TITLE STATEMENT
Title Urdu mein fanny tadveen /
Statement of responsibility, etc. M. S. Naz
260 ## - PUBLICATION, DISTRIBUTION, ETC.
Place of publication, distribution, etc. Islamabad:
Name of publisher, distributor, etc. Idara tehqeeqat Islami,
Date of publication, distribution, etc. 1991.
300 ## - PHYSICAL DESCRIPTION
Extent 381 p. :
650 ## - SUBJECT ADDED ENTRY--TOPICAL TERM
Topical term or geographic name entry element Fan tadveen - conferences
9 (RLIN) 16367
650 ## - SUBJECT ADDED ENTRY--TOPICAL TERM
Topical term or geographic name entry element Makhtotat - tadveen - conference
9 (RLIN) 16368
880 ## - ALTERNATE GRAPHIC REPRESENTATION
Linkage 100-01\r
Title ایم ایس ناز
880 ## - ALTERNATE GRAPHIC REPRESENTATION
Linkage 245-02\r
Title اردو میں فنی تدوین
c ایم ایس ناز
880 ## - ALTERNATE GRAPHIC REPRESENTATION
Linkage 260-03\r
Title اسلام آباد:
b ادارہ تحقیقات اسلامی،
c 1986
942 ## - ADDED ENTRY ELEMENTS (KOHA)
Source of classification or shelving scheme
Koha item type Book
Holdings
Withdrawn status Lost status Source of classification or shelving scheme Damaged status Not for loan Permanent Location Current Location Shelving location Date acquired Full call number Barcode Date last seen Copy number Price effective from Koha item type
          Central Library (CL) Central Library (CL) Punjabi Literature 07/02/2019 891.439 NAZ CL-E-59 07/02/2019 1 07/02/2019 Book
© 2023 Central Library, National University of Sciences and Technology. All Rights Reserved.